00388 2200157 4500001002100000005001500021035002000036245006000056100002100116300001100137260003600148082000800184084001400192990001200206990001200218INLIS00000000000194520250522094044 a0010-05250002371 aKimia Dalam Kehidupan Kita /cDr. Anna Permanasari,M.Si0 aAnna Permanasari a90 hlm aJakarta :bCV. Ipa Abong,c2007 a540 a540 ANN k a0713480 a0713481